00526nam a2200181 a 450000100060000000300090000600800410001502000150005604000280007108200130009910000180011224500660013026000330019630000100022949000340023965000250027365000460029812925CO-ViMGA141112s2004 ck r 000 u spa d a8474324092 aCO-ViMGAbspacCO-ViMGA04a809 K66t1 aKoppen, Erwin10aThomas Mann y Don Quijote : bEnsayos de literatura comparada aBarcelona : bGedisa, c1990 a259p. aColección estudios alemanes14aESPAÑOLA Y ALEMANA14aLITERATURA COMPARADA ALEMANA Y ESPAÑOLA